[Event "Ïåðâåíñòâî Ìîñêâû ïî øàõìàòàì 2015 ñðåäè"]
[Site "Moscow"]
[Date "2015.11.16"]
[Round "5.15"]
[White "Àáäóëëàåâ, Ýëü÷èí."]
[Black "Ïàâëåíêî, Àëåêñåé."]
[Result "1/2-1/2"]
[WhiteElo "1731"]
[BlackElo "1918"]
[PlyCount "92"]
[EventDate "2015.11.12"]

1. e4 e6 2. d4 d5 3. Nd2 c5 4. exd5 exd5 5. Bb5+ Bd7 6. Bxd7+ Qxd7 7. Ngf3 Nf6
8. O-O cxd4 9. Nxd4 Be7 10. N2f3 Nc6 11. Nxc6 bxc6 12. Re1 O-O 13. Ne5 Qc7 14.
Nxc6 Bd6 15. Nd4 Bxh2+ 16. Kf1 Qc4+ 17. Qd3 Qxd3+ 18. cxd3 Bd6 19. Bg5 Nd7 20.
Be7 Bxe7 21. Rxe7 Nc5 22. Ke2 Rfe8 23. Rxe8+ Rxe8+ 24. Kd2 Rb8 25. b3 g6 26.
Rc1 Na6 27. Re1 Kf8 28. Nc6 Rb7 29. Re5 Rc7 30. Nd4 Rd7 31. a3 Nc7 32. Nc6 f6
33. Re3 Nb5 34. a4 Nd6 35. Rf3 Kg7 36. b4 Nf7 37. Re3 Rc7 38. b5 h5 39. Re7
Rxe7 40. Nxe7 Nd6 41. Nxd5 g5 42. Ne7 Kf7 43. Nc6 Nc8 44. d4 Ke6 45. Ke3 h4 46.
f3 Kd5 1/2-1/2

[Event "Ïåðâåíñòâî Ìîñêâû ïî øàõìàòàì 2015 ñðåäè"]
[Site "Moscow"]
[Date "2015.11.16"]
[Round "5.16"]
[White "Ñó÷êîâ, Àëåêñàíäð."]
[Black "Ñèíÿâèí, Ðîìàí."]
[Result "1/2-1/2"]
[WhiteElo "1873"]
[BlackElo "1625"]
[PlyCount "92"]
[EventDate "2015.11.12"]

1. d4 Nf6 2. c4 e6 3. Nf3 Bb4+ 4. Bd2 Bxd2+ 5. Nbxd2 d5 6. Qc2 Nbd7 7. e3 c6 8.
Bd3 dxc4 9. Nxc4 Nb6 10. O-O Nxc4 11. Qxc4 O-O 12. b4 Qd5 13. Qc2 Qh5 14. Rab1
Bd7 15. Ne5 Rac8 16. f4 g6 17. Rf3 Qh6 18. g4 g5 19. fxg5 Qxg5 20. Rxf6 Qxf6
21. Nxd7 Qh6 22. Nxf8 Qxe3+ 23. Kg2 Kxf8 24. Bxh7 Kg7 25. Be4 Rd8 26. Rd1 Rxd4
27. Rxd4 Qxd4 28. a3 Qe3 29. Qd3 Qf4 30. Qf3 Qd2+ 31. Kg3 Qe1+ 32. Kh3 a6 33.
g5 a5 34. bxa5 Qxa5 35. Kg4 Qe1 36. h4 Qg1+ 37. Kh3 Kg8 38. Qf4 Qd1 39. Qg3 Qe2
40. Qf3 Qd2 41. Kg4 Qe1 42. Kh5 c5 43. Bxb7 c4 44. Qe4 Qc3 45. g6 Qh8+ 46. Kg5
f6+ 1/2-1/2

[Event "Ïåðâåíñòâî Ìîñêâû ïî øàõìàòàì 2015 ñðåäè"]
[Site "Moscow"]
[Date "2015.11.16"]
[Round "5.17"]
[White "Êîðíååíêî, Àëåêñåé."]
[Black "Ðîìàøèí, Äåíèñ."]
[Result "0-1"]
[WhiteElo "1557"]
[BlackElo "1820"]
[PlyCount "72"]
[EventDate "2015.11.12"]

1. e4 c6 2. d4 d5 3. e5 Bf5 4. Bd3 Bxd3 5. Qxd3 e6 6. Ne2 Nd7 7. Be3 c5 8. c3
Ne7 9. Nd2 Nc6 10. Rc1 Be7 11. O-O O-O 12. f4 cxd4 13. Nxd4 Nxd4 14. cxd4 Qa5
15. a3 Rac8 16. Nf3 Nb6 17. Bd2 Qa4 18. h3 Qd7 19. g4 Rxc1 20. Rxc1 Rc8 21.
Rxc8+ Qxc8 22. Qc3 Qxc3 23. Bxc3 Na4 24. Bd2 Nxb2 25. f5 exf5 26. gxf5 Bxa3 27.
Kf2 g6 28. f6 Nc4 29. Bh6 Bf8 30. Bf4 b5 31. Ng5 h6 32. Nf3 g5 33. Bc1 Kh7 34.
Ke2 Kg6 35. Kd3 a5 36. Kc3 Ba3 0-1

[Event "Ïåðâåíñòâî Ìîñêâû ïî øàõìàòàì 2015 ñðåäè"]
[Site "Moscow"]
[Date "2015.11.16"]
[Round "5.18"]
[White "Ñìèðíîâ, Àðòåìèé."]
[Black "Õóäÿêîâ, Ñòàíèñëàâ."]
[Result "0-1"]
[WhiteElo "1529"]
[BlackElo "1750"]
[PlyCount "90"]
[EventDate "2015.11.12"]

1. d4 d5 2. c4 e6 3. Nf3 f5 4. Bf4 Nf6 5. Nc3 c6 6. e3 Be7 7. Bd3 O-O 8. h3 Ne4
9. O-O Nd7 10. Qc2 Ndf6 11. Rfc1 Bd7 12. Qb3 Bc8 13. Ne5 Kh8 14. Nf3 Qe8 15.
Qd1 Nh5 16. Bh2 Nhf6 17. Bf4 Nd6 18. Nd2 Nfe4 19. Ndxe4 Nxe4 20. Nxe4 fxe4 21.
Be2 Qf7 22. Qf1 Qg6 23. g4 Bh4 24. Qg2 Bd7 25. Rf1 Rf7 26. f3 Rxf4 27. exf4 e3
28. Rad1 Qc2 29. Bd3 Bf2+ 30. Kh2 Qxb2 31. cxd5 cxd5 32. Kh1 Rc8 33. f5 Ba4 34.
Rb1 Qxd4 35. Bb5 Bxb5 36. Rxb5 e2 37. Qxf2 Qxf2 38. Rxf2 e1=Q+ 39. Kg2 d4 40.
Rxb7 exf5 41. Rd7 Qe3 42. Rb2 fxg4 43. hxg4 Rf8 44. Rf2 Rg8 45. Kg3 d3 0-1

[Event "Ïåðâåíñòâî Ìîñêâû ïî øàõìàòàì 2015 ñðåäè"]
[Site "Moscow"]
[Date "2015.11.16"]
[Round "5.20"]
[White "Êîìÿãèí, Ìèõàèë."]
[Black "Òåðòû÷íûé, Äìèòðèé."]
[Result "1/2-1/2"]
[WhiteElo "1862"]
[BlackElo "1704"]
[PlyCount "75"]
[EventDate "2015.11.12"]

1. Nf3 d5 2. g3 Bg4 3. Bg2 Bxf3 4. Bxf3 c6 5. c4 e6 6. O-O Nf6 7. cxd5 exd5 8.
d3 Be7 9. Bf4 O-O 10. Qb3 Qb6 11. Nd2 Nbd7 12. Rac1 Nc5 13. Qc2 Ne6 14. Be5 Nd7
15. Bc3 d4 16. Nc4 Qc5 17. b4 Qf5 18. Bd2 Ng5 19. Bxg5 Qxg5 20. Qb2 Ne5 21.
Nxe5 Qxe5 22. b5 cxb5 23. Bxb7 Rab8 24. Bf3 Rfc8 25. Rxc8+ Rxc8 26. Rc1 Rc3 27.
Rb1 b4 28. Kg2 g6 29. Qd2 Qa5 30. e3 dxe3 31. Qxe3 Qxa2 32. Qxe7 Qxb1 33. Qd8+
Kg7 34. Qd4+ Kf8 35. Qd8+ Kg7 36. Qd4+ Kf8 37. Qd8+ Kg7 38. Qd4+ 1/2-1/2

[Event "Ïåðâåíñòâî Ìîñêâû ïî øàõìàòàì 2015 ñðåäè"]
[Site "Moscow"]
[Date "2015.11.16"]
[Round "5.21"]
[White "Ìàçàåâ, Ðîìàí."]
[Black "Ìàõìóäîâ, Äæîðäæ."]
[Result "1-0"]
[WhiteElo "1726"]
[BlackElo "1404"]
[PlyCount "89"]
[EventDate "2015.11.12"]

1. d4 Nf6 2. c4 g6 3. Nc3 d6 4. e4 Bg7 5. f3 O-O 6. Be3 c6 7. Qd2 Nbd7 8. Bd3
e5 9. d5 cxd5 10. cxd5 Qc7 11. Nge2 a6 12. O-O Nc5 13. b4 Nxd3 14. Qxd3 Bd7 15.
a4 Rfc8 16. Rfc1 b6 17. Ng3 Qb7 18. Nf1 Nh5 19. g3 f5 20. Nd2 f4 21. Bf2 fxg3
22. hxg3 Bh6 23. Kg2 Bf4 24. Rh1 Qc7 25. Rac1 Qd8 26. Rxh5 Bxd2 27. Qxd2 gxh5
28. Rh1 Be8 29. f4 Qf6 30. Bxb6 exf4 31. Bd4 Qg5 32. Kf1 Bg6 33. gxf4 Rf8 34.
Be3 Rab8 35. Rg1 Qh4 36. f5 Rxb4 37. Bf2 Qe7 38. fxg6 hxg6 39. Rxg6+ Kf7 40.
Re6 Qd8 41. Qf4+ Kg7 42. Qh6+ Kg8 43. Rg6+ Kf7 44. Qg7+ Ke8 45. Re6+ 1-0

[Event "Ïåðâåíñòâî Ìîñêâû ïî øàõìàòàì 2015 ñðåäè"]
[Site "Moscow"]
[Date "2015.11.16"]
[Round "5.22"]
[White "Àëåêñååâ, Âàñèëèé."]
[Black "Ìèíàøêèí, Èãîðü."]
[Result "0-1"]
[WhiteElo "1629"]
[BlackElo "1556"]
[PlyCount "120"]
[EventDate "2015.11.12"]

1. e4 e5 2. d4 exd4 3. c3 Nc6 4. cxd4 Bb4+ 5. Nc3 d6 6. Nf3 Nf6 7. Bc4 O-O 8.
O-O Bxc3 9. bxc3 Nxe4 10. Bd3 Nf6 11. Qc2 h6 12. Re1 Bg4 13. Nh4 Re8 14. Bd2
Nd5 15. g3 Qf6 16. Bh7+ Kh8 17. Be4 Nb6 18. Ng2 Nc4 19. Be3 Nxe3 20. Rxe3 g5
21. Rae1 Bh5 22. Qb2 d5 23. Bxd5 Rxe3 24. Nxe3 Rb8 25. Bg2 b6 26. Nd5 Qd6 27.
Qb5 Bg4 28. Nxc7 Nxd4 29. Re8+ Rxe8 30. Qxe8+ Kg7 31. cxd4 Qxc7 32. Qe1 Qd6 33.
Qc3 Qf6 34. Qd3 Qe6 35. Qd2 Qe2 36. Qxe2 Bxe2 37. Bf1 Bf3 38. Bc4 f6 39. Kf1
Kf8 40. Ke1 Ke7 41. Kd2 Kd6 42. Kd3 Bd5 43. Bxd5 Kxd5 44. Kc3 b5 45. g4 a5 46.
Kd3 b4 47. Ke3 a4 48. Kd3 b3 49. axb3 axb3 50. Kc3 b2 51. Kxb2 Kxd4 52. Kc2 Ke4
53. Kd2 Kf3 54. Ke1 Kxg4 55. Kf1 Kf3 56. Kg1 g4 57. Kf1 f5 58. Kg1 f4 59. Kf1
h5 60. Kg1 Ke2 0-1

[Event "Ïåðâåíñòâî Ìîñêâû ïî øàõìàòàì 2015 ñðåäè"]
[Site "Moscow"]
[Date "2015.11.16"]
[Round "5.23"]
[White "Ôèíêåëüøòåéí, Àëåêñàíäð."]
[Black "Áîðèñåíêî, Ñàâåëèé."]
[Result "1-0"]
[WhiteElo "1616"]
[BlackElo "1642"]
[PlyCount "75"]
[EventDate "2015.11.12"]

1. d4 c6 2. c4 d5 3. cxd5 cxd5 4. Nc3 Nc6 5. Nf3 Bg4 6. h3 Bh5 7. g4 Bg6 8. Qb3
Rb8 9. Bf4 Rc8 10. Qxb7 e6 11. a3 Bd6 12. Bxd6 Nf6 13. Nb5 Ne4 14. Nc7+ Kd7 15.
Ne5+ Nxe5 16. dxe5 Rb8 17. Qxa7 Rxb2 18. Nxd5+ Ke8 19. Qa4+ Qd7 20. Qxd7+ Kxd7
21. Nb4 h5 22. Nd3 Rc2 23. f3 Nxd6 24. exd6 Kxd6 25. Rd1 Ke7 26. Nf4 hxg4 27.
Nxg6+ fxg6 28. fxg4 Rc3 29. Bg2 Rxa3 30. h4 Ra4 31. Bf3 g5 32. h5 Kf6 33. Rf1
Ke7 34. Bc6 Rxg4 35. Rd7+ Ke8 36. Rff7 Rf4 37. Ra7+ Kd8 38. Ra8# 1-0

[Event "Ïåðâåíñòâî Ìîñêâû ïî øàõìàòàì 2015 ñðåäè ìàëü÷èêîâ (Ì17)"]
[Site "Moscow"]
[Date "2015.11.17"]
[Round "6.1"]
[White "Ãåðìàí, Íèêèòà"]
[Black "Ãàëàêòèîíîâ, Àðòåì"]
[Result "1/2-1/2"]
[WhiteElo "2061"]
[BlackElo "2206"]
[PlyCount "0"]
[EventDate "2015.11.12"]

1. e4 {[%clk 1:30:57]} c6 {[%clk 1:30:59]} 2. d4 {[%clk 1:31:16]} d5
{[%clk 1:31:26]} 3. Nd2 {[%clk 1:25:44]} dxe4 {[%clk 1:31:46]} 4. Nxe4
{[%clk 1:26:09]} Bf5 {[%clk 1:32:14]} 5. Ng3 {[%clk 1:26:32]} Bg6
{[%clk 1:32:41]} 6. Nf3 {[%clk 1:26:47]} Nd7 {[%clk 1:33:08]} 7. h4
{[%clk 1:27:03]} h6 {[%clk 1:33:34]} 8. h5 {[%clk 1:27:25]} Bh7 {[%clk 1:34:02]}
9. Bd3 {[%clk 1:27:50]} Bxd3 {[%clk 1:34:29]} 10. Qxd3 {[%clk 1:28:14]} e6
{[%clk 1:34:54]} 11. Bf4 {[%clk 1:28:27]} Ngf6 {[%clk 1:33:14]} 12. O-O-O
{[%clk 1:21:18]} Be7 {[%clk 1:32:50]} 13. Kb1 {[%clk 1:21:20]} O-O
{[%clk 1:25:29]} 14. Ne4 {[%clk 1:13:20]} Nxe4 {[%clk 1:25:16]} 15. Qxe4
{[%clk 1:13:43]} Nf6 {[%clk 1:25:44]} 16. Qe2 {[%clk 1:14:00]} Qd5
{[%clk 1:26:11]} 17. Ne5 {[%clk 1:13:44]} Qe4 {[%clk 1:25:55]} 18. Qxe4
{[%clk 1:12:42]} Nxe4 {[%clk 1:26:22]} 19. Rhf1 {[%clk 1:12:29]} Rac8
{[%clk 1:13:51]} 20. f3 {[%clk 1:12:34]} Nf6 {[%clk 1:14:15]} 21. g4
{[%clk 1:12:49]} Nd5 {[%clk 1:14:42]} 22. Bd2 {[%clk 1:13:05]} b5
{[%clk 1:15:05]} 23. f4 {[%clk 1:06:06]} c5 {[%clk 1:13:20]} 24. dxc5
{[%clk 1:05:58]} Bxc5 {[%clk 1:13:48]} 25. f5 {[%clk 0:59:11]} Bd4
{[%clk 1:10:16]} 26. Nf3 {[%clk 0:59:17]} Be3 {[%clk 1:10:35]} 27. Rde1
{[%clk 0:58:05]} Bxd2 {[%clk 1:10:31]} 28. Nxd2 {[%clk 0:58:30]} exf5
{[%clk 1:08:12]} 29. Rxf5 {[%clk 0:58:08]} Rfd8 {[%clk 1:07:35]} 30. Nb3
{[%clk 0:55:47]} a6 {[%clk 1:06:00]} 31. a3 {[%clk 0:55:49]} Rc4 {[%clk 0:58:07]}
32. g5 {[%clk 0:53:35]} hxg5 {[%clk 0:54:14]} 33. Rxg5 {[%clk 0:53:48]} f6
{[%clk 0:52:33]} 34. Rg3 {[%clk 0:52:56]} Nf4 {[%clk 0:50:49]} 35. h6
{[%clk 0:48:37]} g5 {[%clk 0:49:24]} 36. Re7 {[%clk 0:30:34]} Rd1+
{[%clk 0:47:39]} 37. Ka2 {[%clk 0:21:20]} Rxc2 {[%clk 0:42:00]} 38. Rg7+
{[%clk 0:19:57]} Kf8 {[%clk 0:42:03]} 39. Ra7 {[%clk 0:18:22]} Rh1
{[%clk 0:35:25]} 40. h7 {[%clk 0:17:28]} Rhh2 {[%clk 0:25:19]} 41. Ka1
{[%clk 0:16:55]} Rh1+ {[%clk 0:12:49]} 42. Ka2 {[%clk 0:17:19]} Rhh2
{[%clk 0:10:35]} 43. Ka1 {[%clk 0:16:45]} Rh1+ {[%clk 0:01:23]} 44. Ka2
{[%clk 0:17:03]} Rhh2 {[%clk 0:01:45]} 1/2-1/2

[Event "Ïåðâåíñòâî Ìîñêâû ïî øàõìàòàì 2015 ñðåäè ìàëü÷èêîâ (Ì17)"]
[Site "Moscow"]
[Date "2015.11.17"]
[Round "6.2"]
[White "Ñìèðíîâ, Òèìîôåé"]
[Black "×èëèíãàðÿí, Ïàâåë"]
[Result "1/2-1/2"]
[WhiteElo "2298"]
[BlackElo "2096"]
[PlyCount "0"]
[EventDate "2015.11.12"]

1. e4 {[%clk 1:30:58]} c5 {[%clk 1:30:57]} 2. Nf3 {[%clk 1:31:21]} g6
{[%clk 1:31:23]} 3. c4 {[%clk 1:27:47]} Nc6 {[%clk 1:31:24]} 4. d4
{[%clk 1:28:10]} cxd4 {[%clk 1:31:48]} 5. Nxd4 {[%clk 1:28:38]} Bg7
{[%clk 1:32:02]} 6. Be3 {[%clk 1:27:36]} Nf6 {[%clk 1:32:28]} 7. Nc3
{[%clk 1:28:02]} Ng4 {[%clk 1:32:27]} 8. Qxg4 {[%clk 1:28:19]} Nxd4
{[%clk 1:32:52]} 9. Qd1 {[%clk 1:28:45]} Ne6 {[%clk 1:33:17]} 10. Qd2
{[%clk 1:28:41]} Qa5 {[%clk 1:32:50]} 11. Rc1 {[%clk 1:28:03]} d6
{[%clk 1:32:47]} 12. Be2 {[%clk 1:27:23]} b6 {[%clk 1:33:02]} 13. O-O
{[%clk 1:27:08]} Bb7 {[%clk 1:33:17]} 14. f3 {[%clk 1:27:11]} Rc8
{[%clk 1:32:52]} 15. Rfd1 {[%clk 1:25:40]} O-O {[%clk 1:32:12]} 16. b3
{[%clk 1:25:31]} Rfe8 {[%clk 1:31:50]} 17. Qb2 {[%clk 1:14:32]} Qe5
{[%clk 1:24:40]} 18. Qa3 {[%clk 1:11:54]} Ra8 {[%clk 1:14:49]} 19. g3
{[%clk 1:08:13]} f5 {[%clk 1:06:26]} 20. f4 {[%clk 1:03:58]} Qf6 {[%clk 1:05:41]}
21. Nd5 {[%clk 1:04:08]} Bxd5 {[%clk 0:53:01]} 22. cxd5 {[%clk 1:00:46]} Nc5
{[%clk 0:52:49]} 23. Bd4 {[%clk 1:00:14]} Qf8 {[%clk 0:49:18]} 24. e5
{[%clk 0:53:42]} e6 {[%clk 0:42:04]} 25. Bb5 {[%clk 0:29:58]} Red8
{[%clk 0:38:40]} 26. Bxc5 {[%clk 0:29:42]} bxc5 {[%clk 0:38:05]} 27. dxe6
{[%clk 0:30:01]} dxe5 {[%clk 0:36:38]} 28. Rxd8 {[%clk 0:29:53]} Qxd8
{[%clk 0:33:00]} 29. Qxc5 {[%clk 0:29:18]} Bf6 {[%clk 0:30:39]} 30. fxe5
{[%clk 0:12:16]} Bg5 {[%clk 0:26:53]} 31. Rc3 {[%clk 0:04:50]} Be7
{[%clk 0:24:54]} 32. Qc6 Qd1+ {[%clk 0:22:52]} 33. Bf1 {[%clk 0:02:52]} Rd8
{[%clk 0:23:21]} 34. Rd3 {[%clk 0:01:11]} Rxd3 {[%clk 0:19:24]} 35. Qe8+
{[%clk 0:01:40]} Kg7 {[%clk 0:19:42]} 36. Qxe7+ {[%clk 0:02:08]} Kh6
{[%clk 0:20:04]} 37. Qh4+ {[%clk 0:02:01]} Kg7 {[%clk 0:20:28]} 38. Qf6+
{[%clk 0:02:30]} Kh6 {[%clk 0:20:38]} 39. Qf8+ {[%clk 0:01:37]} Kg5
{[%clk 0:20:18]} 40. Qe7+ {[%clk 0:01:29]} Kh6 {[%clk 0:20:25]} 41. Qf8+
{[%clk 0:01:19]} Kg5 {[%clk 0:20:38]} 42. Qf6+ {[%clk 0:00:36]} Kh6
{[%clk 0:20:58]} 43. Qh4+ {[%clk 0:00:37]} Kg7 {[%clk 0:21:20]} 44. Qf6+
{[%clk 0:00:32]} Kh6 {[%clk 0:21:41]} 45. Qf8+ {[%clk 0:00:47]} Kg5 1/2-1/2

[Event "Ïåðâåíñòâî Ìîñêâû ïî øàõìàòàì 2015 ñðåäè ìàëü÷èêîâ (Ì17)"]
[Site "Moscow"]
[Date "2015.11.17"]
[Round "6.3"]
[White "Íàâðîäñêèé, Áîðèñ"]
[Black "Ëåâåíøòåéí, Ìàðê"]
[Result "1-0"]
[WhiteElo "2173"]
[BlackElo "2110"]
[PlyCount "0"]
[EventDate "2015.11.12"]

1. d4 {[%clk 1:24:32]} Nf6 {[%clk 1:30:56]} 2. c4 {[%clk 1:24:58]} g6
{[%clk 1:31:23]} 3. Nc3 {[%clk 1:25:23]} Bg7 {[%clk 1:31:43]} 4. e4
{[%clk 1:25:46]} O-O {[%clk 1:32:10]} 5. Nf3 {[%clk 1:26:10]} d6 {[%clk 1:32:37]}
6. Be2 {[%clk 1:26:35]} e5 {[%clk 1:33:05]} 7. O-O {[%clk 1:26:58]} Nc6
{[%clk 1:33:32]} 8. d5 {[%clk 1:27:23]} Ne7 {[%clk 1:33:59]} 9. b4
{[%clk 1:27:47]} Nh5 {[%clk 1:33:25]} 10. Re1 {[%clk 1:28:09]} f5
{[%clk 1:31:37]} 11. Ng5 {[%clk 1:19:19]} Nf4 {[%clk 1:28:50]} 12. Bxf4
{[%clk 1:05:30]} exf4 {[%clk 1:29:16]} 13. Rc1 {[%clk 1:05:35]} h6
{[%clk 1:17:01]} 14. Ne6 {[%clk 1:05:38]} Bxe6 {[%clk 1:17:26]} 15. dxe6
{[%clk 1:06:03]} Bxc3 {[%clk 1:10:14]} 16. Rxc3 {[%clk 1:06:32]} fxe4
{[%clk 1:10:38]} 17. Bg4 {[%clk 0:49:35]} h5 {[%clk 1:01:18]} 18. Bxh5
{[%clk 0:40:59]} gxh5 {[%clk 1:00:59]} 19. Qxh5 {[%clk 0:41:28]} e3
{[%clk 0:54:54]} 20. Qg5+ {[%clk 0:33:29]} Kh7 {[%clk 0:54:03]} 21. Rcxe3
{[%clk 0:33:50]} fxe3 {[%clk 0:51:08]} 22. Rxe3 {[%clk 0:34:19]} Ng6
{[%clk 0:45:32]} 23. e7 {[%clk 0:28:23]} Qd7 {[%clk 0:40:35]} 24. exf8=N+
{[%clk 0:27:02]} Rxf8 {[%clk 0:40:05]} 25. Rh3+ {[%clk 0:27:01]} Kg7
{[%clk 0:37:59]} 26. Qh6+ {[%clk 0:27:18]} Kf7 {[%clk 0:37:48]} 27. Rf3+
{[%clk 0:26:50]} Ke7 {[%clk 0:38:01]} 28. Qg7+ 1-0

[Event "Ïåðâåíñòâî Ìîñêâû ïî øàõìàòàì 2015 ñðåäè ìàëü÷èêîâ (Ì17)"]
[Site "Moscow"]
[Date "2015.11.17"]
[Round "6.4"]
[White "Õìåëåâ, Ìèõàèë"]
[Black "Ãðèãîðüåâ, Äìèòðèé"]
[Result "1/2-1/2"]
[WhiteElo "2026"]
[BlackElo "2076"]
[PlyCount "0"]
[EventDate "2015.11.12"]

1. e4 {[%clk 1:26:12]} e5 {[%clk 1:29:28]} 2. Nf3 {[%clk 1:26:35]} Nc6
{[%clk 1:29:54]} 3. d4 {[%clk 1:26:59]} exd4 {[%clk 1:30:23]} 4. Nxd4
{[%clk 1:27:22]} Nf6 {[%clk 1:30:49]} 5. Nxc6 {[%clk 1:27:43]} bxc6
{[%clk 1:31:17]} 6. e5 {[%clk 1:28:07]} Qe7 {[%clk 1:31:44]} 7. Qe2
{[%clk 1:28:27]} Nd5 {[%clk 1:32:11]} 8. Nd2 {[%clk 1:28:18]} Bb7
{[%clk 1:25:07]} 9. Nf3 {[%clk 1:26:20]} Qb4+ {[%clk 1:12:42]} 10. Qd2
{[%clk 1:26:32]} Qxd2+ {[%clk 1:01:25]} 11. Bxd2 {[%clk 1:26:55]} Be7
{[%clk 1:01:06]} 12. O-O-O {[%clk 1:26:47]} O-O-O {[%clk 0:57:38]} 13. c4
{[%clk 1:26:14]} Nb6 {[%clk 0:56:42]} 14. Bc3 {[%clk 1:25:27]} c5
{[%clk 0:47:11]} 15. b3 {[%clk 1:25:40]} Rhe8 {[%clk 0:42:50]} 16. Bd3
{[%clk 1:26:09]} g6 {[%clk 0:42:32]} 17. Rhe1 {[%clk 1:26:35]} Bxf3
{[%clk 0:35:17]} 18. gxf3 {[%clk 1:27:03]} Bg5+ {[%clk 0:35:36]} 19. Kc2
{[%clk 1:26:54]} Bf4 {[%clk 0:35:24]} 20. Re4 {[%clk 1:27:11]} g5
{[%clk 0:35:40]} 21. h3 {[%clk 1:25:02]} Re7 {[%clk 0:28:12]} 22. Re2
{[%clk 1:21:05]} h6 {[%clk 0:27:42]} 23. a4 {[%clk 1:20:23]} d5 {[%clk 0:15:27]}
24. exd6 {[%clk 1:14:09]} Rxe2+ {[%clk 0:15:41]} 25. Bxe2 {[%clk 1:14:34]} cxd6
{[%clk 0:14:33]} 26. Bd3 {[%clk 1:13:14]} Be5 {[%clk 0:10:42]} 27. Bf5+
{[%clk 1:11:52]} Kc7 {[%clk 0:10:37]} 28. a5 {[%clk 1:12:10]} Nc8
{[%clk 0:07:52]} 29. Bxc8 {[%clk 1:03:52]} Kxc8 {[%clk 0:04:40]} 30. Rd5 Bxc3
{[%clk 0:04:43]} 31. Kxc3 {[%clk 1:04:41]} Kd7 {[%clk 0:04:46]} 32. b4
{[%clk 1:04:12]} cxb4+ {[%clk 0:04:48]} 33. Kxb4 {[%clk 1:04:36]} a6
{[%clk 0:02:46]} 34. Kc3 {[%clk 1:03:22]} Ke6 {[%clk 0:02:40]} 35. Rd2
{[%clk 1:02:07]} Rb8 {[%clk 0:02:51]} 36. Re2+ {[%clk 1:01:52]} Kd7
{[%clk 0:02:03]} 37. Re1 {[%clk 0:59:30]} Rb7 {[%clk 0:01:16]} 38. h4
{[%clk 0:59:49]} f6 {[%clk 0:00:51]} 39. hxg5 {[%clk 1:00:14]} hxg5
{[%clk 0:01:07]} 40. Rh1 {[%clk 0:58:14]} Ke6 {[%clk 0:01:08]} 41. Rh8
{[%clk 0:58:34]} Rb1 {[%clk 0:00:49]} 42. Ra8 {[%clk 0:58:54]} Rf1
{[%clk 0:01:08]} 43. Rxa6 {[%clk 0:59:06]} Rxf2 {[%clk 0:01:36]} 44. c5
{[%clk 0:58:43]} Rxf3+ {[%clk 0:02:03]} 45. Kd4 {[%clk 0:59:06]} Rf4+
{[%clk 0:02:01]} 46. Ke3 {[%clk 0:59:28]} Ra4 {[%clk 0:01:33]} 47. Rxd6+
{[%clk 0:58:50]} Ke7 {[%clk 0:01:49]} 48. a6 {[%clk 0:57:44]} f5 {[%clk 0:01:37]}
49. Rh6 {[%clk 0:57:22]} Kd8 {[%clk 0:00:46]} 50. Rf6 {[%clk 0:52:13]} f4+
{[%clk 0:00:49]} 51. Kf3 {[%clk 0:52:19]} Kc7 {[%clk 0:00:53]} 52. Kg4
{[%clk 0:51:48]} Ra5 {[%clk 0:01:00]} 53. Rf7+ {[%clk 0:50:39]} Kc6
{[%clk 0:00:42]} 54. a7 {[%clk 0:50:45]} f3 {[%clk 0:00:42]} 55. Kxf3
{[%clk 0:50:17]} Ra3+ {[%clk 0:00:58]} 1/2-1/2

[Event "Ïåðâåíñòâî Ìîñêâû ïî øàõìàòàì 2015 ñðåäè ìàëü÷èêîâ (Ì17)"]
[Site "Moscow"]
[Date "2015.11.17"]
[Round "6.5"]
[White "Ñàâåëüåâ, Àðòåì"]
[Black "Òåéèòáàåâ, Àêòèëåê"]
[Result "1/2-1/2"]
[WhiteElo "1899"]
[BlackElo "2029"]
[PlyCount "0"]
[EventDate "2015.11.12"]

1. Nf3 {[%clk 1:23:09]} Nf6 {[%clk 1:29:45]} 2. d4 {[%clk 1:22:56]} g6
{[%clk 1:28:00]} 3. g3 {[%clk 1:21:50]} Bg7 {[%clk 1:28:22]} 4. Bg2
{[%clk 1:21:48]} O-O {[%clk 1:28:28]} 5. O-O {[%clk 1:21:22]} d6 {[%clk 1:24:50]}
6. Nbd2 Nbd7 {[%clk 1:23:28]} 7. e4 {[%clk 1:12:18]} e5 {[%clk 1:21:59]} 8. d5
{[%clk 1:07:50]} Nc5 {[%clk 1:19:01]} 9. Re1 {[%clk 1:07:01]} a5 {[%clk 1:19:25]}
10. Rb1 {[%clk 0:55:49]} Bd7 {[%clk 1:13:54]} 11. b3 {[%clk 0:54:51]} b5
{[%clk 1:10:37]} 12. Qe2 {[%clk 0:47:48]} Qe7 {[%clk 1:09:00]} 13. h3
{[%clk 0:46:01]} Rfb8 {[%clk 1:08:59]} 14. Nh2 {[%clk 0:45:29]} a4
{[%clk 0:47:02]} 15. b4 {[%clk 0:42:59]} Na6 {[%clk 0:44:07]} 16. a3
{[%clk 0:42:27]} c5 {[%clk 0:41:02]} 17. c3 {[%clk 0:40:44]} c4 {[%clk 0:39:05]}
18. Ndf1 {[%clk 0:34:17]} h6 {[%clk 0:36:05]} 19. Be3 {[%clk 0:28:22]} Re8
{[%clk 0:30:27]} 20. g4 {[%clk 0:27:32]} Kh7 {[%clk 0:26:06]} 21. Ng3
{[%clk 0:27:12]} Ng8 {[%clk 0:24:54]} 22. Qd2 {[%clk 0:25:27]} Rf8
{[%clk 0:22:31]} 23. f4 {[%clk 0:23:04]} exf4 {[%clk 0:21:11]} 24. Bxf4
{[%clk 0:23:27]} Be5 {[%clk 0:18:49]} 25. Nf3 {[%clk 0:20:35]} f6
{[%clk 0:17:30]} 26. Nxe5 {[%clk 0:16:51]} fxe5 {[%clk 0:16:40]} 27. Be3
{[%clk 0:17:04]} Rf7 {[%clk 0:16:43]} 28. Rf1 {[%clk 0:16:08]} Raf8
{[%clk 0:16:55]} 29. Rxf7+ {[%clk 0:16:32]} Rxf7 {[%clk 0:17:23]} 30. Rf1
{[%clk 0:16:50]} Nc7 {[%clk 0:16:18]} 31. Rxf7+ {[%clk 0:15:23]} Qxf7
{[%clk 0:16:47]} 32. g5 {[%clk 0:14:42]} h5 33. h4 Ne8 34. Bb6 Ne7 35. Be3 Nc8
{[%clk 0:12:16]} 1/2-1/2